Environmental information on the Internet (Record no. 76180)

MARC details
000 -LEADER
fixed length control field 00818cab a2200181 4500
001 - CONTROL NUMBER
control field ##L131586
008 - FIXED-LENGTH DATA ELEMENTS--GENERAL INFORMATION
fixed length control field 051117n2005 000 0 eng u
035 ## - SYSTEM CONTROL NUMBER
System control number (Sirsi) u131586
041 0# - LANGUAGE CODE
Language code of text/sound track or separate title eng
100 1# - MAIN ENTRY--PERSONAL NAME
Personal name Spedding, Linda
245 00 - TITLE STATEMENT
Title Environmental information on the Internet
260 ## - PUBLICATION, DISTRIBUTION, ETC.
Date of publication, distribution, etc. 2005
490 #0 - SERIES STATEMENT
Series statement Advising Business: Law and Practice
Volume/sequential designation 4(8) October 2005, 8-10(3)
520 ## - SUMMARY, ETC.
Summary, etc. Examines how the lack of a complete source of environmental technology and information for small businesses, has led to them creating their own environmental service provider. The EEN Database is a source guide covering 20 Western European countries and lists technology suppliers, products, services and other relevant information.
590 ## - LOCAL NOTE (RLIN)
Local note IKA221105
690 ## - LOCAL SUBJECT ADDED ENTRY--TOPICAL TERM (OCLC, RLIN)
Topical term or geographic name as entry element ENVIRONMENTAL AND LAND CONSULTANCY
942 ## - ADDED ENTRY ELEMENTS (KOHA)
Suppress in OPAC 0
Holdings
Withdrawn status Lost status Source of classification or shelving scheme Damaged status Not for loan Home library Current library Shelving location Date acquired Total Checkouts Full call number Barcode Date last seen Copy number Price effective from Koha item type
    Dewey Decimal Classification     London London Journal article 17/11/2005   L131586 131586-1001 06/08/2019 1 06/08/2019 Journal article